Countries with embassies and consulates in Cameroon - Statistics

General Stats
  • This quiz has been taken 45 times
  • The average score is 29 of 33
Answer Stats
Continent Country % Correct
Africa Algeria
100%
North America Canada
100%
Asia China
100%
Europe France
100%
Africa South Africa
100%
North America United States of America
100%
Europe Belgium
98%
Africa Nigeria
98%
Asia/ Europe Turkey
98%
Europe United Kingdom
98%
South America Brazil
95%
Africa D. R. Congo
95%
Europe Italy
95%
Asia Japan
95%
Africa Republic of the Congo
95%
Europe Germany
93%
Asia/ Europe Russia
93%
Africa Egypt
90%
Europe Spain
90%
Africa Morocco
85%
Asia South Korea
85%
Africa Libya
83%
Africa Tunisia
83%
Africa Central African Republic
80%
Africa Gabon
80%
Africa Senegal
78%
Africa Ivory Coast
75%
Africa Equatorial Guinea
73%
Africa Sudan
73%
Europe Vatican City
73%
Europe Switzerland
63%
Asia Saudi Arabia
60%
Asia Israel
55%
No matching quizzes found
Score Distribution
Percent of People with Each Score
Percentile by Number Answered
Your Score History
You have not taken this quiz